000 01108nam a2200217 i 4500
001 157420
003 ES-MaACL
005 20250719062543.0
008 021210s1865 sp |||| | spa d
100 1 _aLecumberri, Cristóbal.
_9128828
245 1 0 _aColonias agrícolas y escuela de reforma para jóvenes indigentes, mendigos, vagos y delincuentes /
_cpor Cristóbal Lecumberri.
260 _aMadrid :
_b[s.n.],
_c1865 (
_fImp. del Eco del País, a cargo de Diego Valero)
300 _a76 p. ;
_c19 cm.
650 0 4 _aJóvenes delincuentes-
_xRehabilitación.
_9143339
650 4 _aColonias penitenciarias.
_9167471
852 _aES-MaACL
_jD-273(18)
_9163244
_bR.FOLL.12/18
_cSVI
_hDonación: Francisco Lastres y Juiz
_dOlim: 193-C-3
_xEncuadernado con otras obras formando un volumen facticio
_xEncuadernación holandesa
_fSello en tinta en verso de hoja de guarda anterior: "Donativo del Sr. Lastres al Ateneo de Madrid 1907".
903 _aLastres y Juiz, Francisco,
_d1848-1918
_q1
_ednr
_970504
942 _2udc
_cMONANT
999 _c157420
_d157420